<?xml version="1.0" encoding="UTF-8"?><?xml-stylesheet type="text/xsl" href="static/style.xsl"?><OAI-PMH xmlns="http://www.openarchives.org/OAI/2.0/" xmlns:xsi="http://www.w3.org/2001/XMLSchema-instance" xsi:schemaLocation="http://www.openarchives.org/OAI/2.0/ http://www.openarchives.org/OAI/2.0/OAI-PMH.xsd"><responseDate>2026-04-18T02:15:18Z</responseDate><request verb="GetRecord" identifier="oai:www.recercat.cat:20.500.12327/3291" metadataPrefix="marc">https://recercat.cat/oai/request</request><GetRecord><record><header><identifier>oai:recercat.cat:20.500.12327/3291</identifier><datestamp>2025-10-22T11:32:04Z</datestamp><setSpec>com_2072_4428</setSpec><setSpec>com_2072_4427</setSpec><setSpec>col_2072_487898</setSpec></header><metadata><record xmlns="http://www.loc.gov/MARC21/slim" xmlns:dcterms="http://purl.org/dc/terms/" xmlns:xsi="http://www.w3.org/2001/XMLSchema-instance" xmlns:doc="http://www.lyncode.com/xoai" xsi:schemaLocation="http://www.loc.gov/MARC21/slim http://www.loc.gov/standards/marcxml/schema/MARC21slim.xsd">
   <leader>00925njm 22002777a 4500</leader>
   <datafield ind2=" " ind1=" " tag="042">
      <subfield code="a">dc</subfield>
   </datafield>
   <datafield ind2=" " ind1=" " tag="720">
      <subfield code="a">Domínguez-Valencia, Rubén</subfield>
      <subfield code="e">author</subfield>
   </datafield>
   <datafield ind2=" " ind1=" " tag="720">
      <subfield code="a">Bermúdez, Roberto</subfield>
      <subfield code="e">author</subfield>
   </datafield>
   <datafield ind2=" " ind1=" " tag="720">
      <subfield code="a">Pateiro, Mirian</subfield>
      <subfield code="e">author</subfield>
   </datafield>
   <datafield ind2=" " ind1=" " tag="720">
      <subfield code="a">Purriños, Laura</subfield>
      <subfield code="e">author</subfield>
   </datafield>
   <datafield ind2=" " ind1=" " tag="720">
      <subfield code="a">BOU, RICARD</subfield>
      <subfield code="e">author</subfield>
   </datafield>
   <datafield ind2=" " ind1=" " tag="720">
      <subfield code="a">Lorenzo, José M.</subfield>
      <subfield code="e">author</subfield>
   </datafield>
   <datafield ind2=" " ind1=" " tag="260">
      <subfield code="c">2024-07-18</subfield>
   </datafield>
   <datafield ind2=" " ind1=" " tag="520">
      <subfield code="a">Lupins are an excellent source of protein which can be used to obtain protein isolates with potential use in the food industry. Some studies use supercritical CO2 (SC-CO2) to defat legume flours, but no study analyzes the effect of applying this technology directly to the protein isolate. This article has proposed the use of SC-CO2 to improve lupin protein isolate (LPI) quality. SC-CO2 increased the LPI purity while reducing oil and other antitechnological factors (saponins and polyphenols). The treatment significantly improved the LPI color due to the elimination of the lipid fraction and lipophilic pigments (carotenoids). No changes in amino acid contents or chemical score were observed due to the SC-CO2. Finally, the treatment improved or did not affect the main LPI technofunctional properties. Therefore, SC-CO2 is a promising technique to enhance the quality of protein isolates, without affecting or improving their functional properties.</subfield>
   </datafield>
   <datafield ind1="8" ind2=" " tag="024">
      <subfield code="a">Domínguez-Valencia, Ruben, Roberto Bermúdez, Mirian Pateiro, Laura Purriños, Ricard Bou, and José M. Lorenzo. 2024. “Use of supercritical CO2 to improve the quality of lupin protein isolate”. Food Chemistry, 460 (part 1): 140520. doi:10.1016/j.foodchem.2024.140520.</subfield>
   </datafield>
   <datafield ind1="8" ind2=" " tag="024">
      <subfield code="a">0308-8146</subfield>
   </datafield>
   <datafield ind1="8" ind2=" " tag="024">
      <subfield code="a">http://hdl.handle.net/20.500.12327/3291</subfield>
   </datafield>
   <datafield ind1="8" ind2=" " tag="024">
      <subfield code="a">https://doi.org/10.1016/j.foodchem.2024.140520</subfield>
   </datafield>
   <datafield ind2="0" ind1="0" tag="245">
      <subfield code="a">Use of supercritical CO2 to improve the quality of lupin protein isolate</subfield>
   </datafield>
</record></metadata></record></GetRecord></OAI-PMH>